Encyclopaedia of educational development / (Record no. 14592)
[ view plain ]
| 000 -LEADER | |
|---|---|
| fixed length control field | 00764nam a2200217 a 4500 |
| 001 - CONTROL NUMBER | |
| control field | ASIN8176483001 |
| 003 - CONTROL NUMBER IDENTIFIER | |
| control field | OSt |
| 005 - DATE AND TIME OF LATEST TRANSACTION | |
| control field | 20170105102859.0 |
| 008 - FIXED-LENGTH DATA ELEMENTS--GENERAL INFORMATION | |
| fixed length control field | 131008s2003 xxu eng d |
| 020 ## - INTERNATIONAL STANDARD BOOK NUMBER | |
| International Standard Book Number | 8176483001 (hardcover) |
| 020 ## - INTERNATIONAL STANDARD BOOK NUMBER | |
| International Standard Book Number | 9788176483001 (hardcover) |
| 040 ## - CATALOGING SOURCE | |
| Original cataloging agency | 0 |
| 082 ## - DEWEY DECIMAL CLASSIFICATION NUMBER | |
| Classification number | 370.3 |
| 100 1# - MAIN ENTRY--PERSONAL NAME | |
| Personal name | Rao, V. K. |
| 245 10 - TITLE STATEMENT | |
| Title | Encyclopaedia of educational development / |
| Statement of responsibility, etc. | by V. K. Rao. |
| 260 ## - PUBLICATION, DISTRIBUTION, ETC. | |
| Place of publication, distribution, etc. | New Delhi : |
| Name of publisher, distributor, etc. | APH Publishing Corporation, |
| Date of publication, distribution, etc. | 2008. |
| 300 ## - PHYSICAL DESCRIPTION | |
| Extent | 2040 p. |
| 500 ## - GENERAL NOTE | |
| General note | v. 1. education system. -- v. 2. education technology. -- v. 3. vocational education. -- v. 4. higher education. -- v. 5. distance education. |
| 856 40 - ELECTRONIC LOCATION AND ACCESS | |
| Materials specified | Amazon.com |
| Uniform Resource Identifier | <a href="http://www.amazon.com/exec/obidos/ASIN/8176483001/chopaconline-20">http://www.amazon.com/exec/obidos/ASIN/8176483001/chopaconline-20</a> |
| 942 ## - ADDED ENTRY ELEMENTS (KOHA) | |
| Source of classification or shelving scheme | |
| Koha item type | Reference |
| Withdrawn status | Lost status | Damaged status | Not for loan | Collection code | Permanent Location | Current Location | Shelving location | Date acquired | Total Checkouts | Full call number | Barcode | Date last seen | Price effective from | Koha item type |
|---|---|---|---|---|---|---|---|---|---|---|---|---|---|---|
| Centre for International Peace & Stability (CIPS) | Centre for International Peace & Stability (CIPS) | Reference | 10/02/2013 | REF 370.3 RAO 2008 | CIPS0001856 | 10/08/2013 | 10/08/2013 | Reference | ||||||
| Centre for International Peace & Stability (CIPS) | Centre for International Peace & Stability (CIPS) | Reference | 10/02/2013 | REF 370.3 RAO 2008 | CIPS0001857 | 10/08/2013 | 10/08/2013 | Reference | ||||||
| Centre for International Peace & Stability (CIPS) | Centre for International Peace & Stability (CIPS) | Reference | 10/02/2013 | REF 370.3 RAO 2008 | CIPS0001858 | 10/08/2013 | 10/08/2013 | Reference | ||||||
| Centre for International Peace & Stability (CIPS) | Centre for International Peace & Stability (CIPS) | Reference | 10/02/2013 | REF 370.3 RAO 2008 | CIPS0001859 | 10/08/2013 | 10/08/2013 | Reference | ||||||
| Centre for International Peace & Stability (CIPS) | Centre for International Peace & Stability (CIPS) | Reference | 10/02/2013 | REF 370.3 RAO 2008 | CIPS0001860 | 10/08/2013 | 10/08/2013 | Reference |
